000 00494cam a2200169 i 4500
020 _a9780946888771
040 _cDLC
082 _a577 AUG 2012 C275 Or.
245 0 4 _aThe biodiversity of the proposed western Siem Pang Protected Forest Stung Treng Province, Cambodia.
250 _a1st ed.
300 _axix, 203 pages ;
_c30 cm.
650 0 _aBiodiversity
650 0 _aBiodiversity conservation
650 0 _aAnimals
710 2 _aBirdLife International in Indochina.
942 _cAEDBB
999 _c21252
_d21252